| 000 | 00472nam a2200181Ia 4500 | ||
|---|---|---|---|
| 001 | 15733 | ||
| 005 | 20260306170217.0 | ||
| 008 | 260306t2013||||xx |||||||||||||| ||und|| | ||
| 041 | _aESP | ||
| 082 |
_a604.2 _bC33P |
||
| 100 |
_aCastillo Flores, Manuel J. _eAUT |
||
| 245 | 0 |
_aDibujo de ingenierĂa: _bproblemas resueltos de tolerancias y ajustes |
|
| 260 | _c2013 | ||
| 300 |
_a78 páginas : _c28 cm. |
||
| 650 | _aGEN | ||
| 654 | _aCAU | ||
| 942 |
_cLIB _dJUS _fJUS _2ddc _n |
||
| 999 |
_c15733 _d15733 |
||